| 000 | 06831ncm a2201045 c 4500 | ||
|---|---|---|---|
| 999 |
_c298784 _d298784 |
||
| 003 | BLK | ||
| 005 | 20250128162431.0 | ||
| 008 | 180414b bul |a|er|||| |0| c|bulo| | ||
| 010 | _aNOT00000902000 | ||
| 040 | _aBLK | ||
| 041 |
_aBUL _cBUL |
||
| 080 |
_aХорова музика _b784.087.68 _z784.087.68 |
||
| 080 |
_aМузика а капела. Вокална музика без съпровод _b784.1 _z784.1 |
||
| 139 |
_aХорова христоматия _bХ 69 |
||
| 245 | 1 | 0 |
_aХорова христоматия _bТ. 1 - _cсъстав. Стоян Кралев; състав. Лилия Гюлева; състав. Анна Белчева; състав. Крум Максимов. _nТ. 6. _pРенесанс и съвременност |
| 257 | _aBGR | ||
| 260 |
_bНаука и изкуство _c1958 |
||
| 300 | _c29 см | ||
| 380 | _a7 | ||
| 505 |
_gСмесен хор _rЖоскен Депре. _tScaramella |
||
| 505 |
_gСмесен хор _rКлемент Жанекен. _tLe chant des oyseaux |
||
| 505 |
_gСмесен хор _rФранческо Кортеча. _tTenebre factae sunt |
||
| 505 |
_gСмесен хор _r Джовани Перлуиджи Палестрина. _tla cruda mia nemica |
||
| 505 |
_gСмесен хор _rДжовани Перлуиджи Палестрина. _tSitivit anima mea |
||
| 505 |
_gСмесен хор _rОрландо ди Ласо. _tHor vi riconfortate |
||
| 505 |
_gЖенски хор _rТомас Луис де Викториа. _tDuo seraphim |
||
| 505 |
_gЖенски хор _r Якобус Галус; Якобус Хандл. _tPueri concinite |
||
| 505 |
_gСмесен хор _rЯкобус Галус; Якобус Хандл. _tMusica |
||
| 505 |
_gСмесен хор _rЛука Маренцио. _tMadonna sua merce |
||
| 505 |
_gСмесен хор _rТомас Морли. _tApril is in my mistress`Face |
||
| 505 |
_gСмесен хор _rКарло Джезуалдо Ди Веноза. _tInvan duncque o crudelle |
||
| 505 |
_gСмесен хор _rФеличе Анерио. _tMotet |
||
| 505 |
_gСмесен хор _rЯн Свеелинк. _tVous tous Princes et Seigneurs |
||
| 505 |
_gСмесен хор _rГайлс Фарнаби. _tPearce did dance |
||
| 505 |
_gСмесен хор _rХанс Лео Хаслер. _tNun fanget an |
||
| 505 |
_gСмесен хор _r Клаудио Монтеверди. _tO, sempre crudo amore |
||
| 505 |
_gСмесен хор _rКлаудио Монтеверди. _tOr, che in gioia |
||
| 505 |
_gСмесен хор _rАдриано Банкиери. _tUn gane, un cucco, un gatto |
||
| 505 |
_gСмесен хор _rМожен Педерсьон. _tO, che soave bacio |
||
| 505 |
_gСмесен хор _rХенри Пърсел. _tLord, how long wilt thou be ancry |
||
| 505 |
_gСмесен хор _rАлесандро Скарлати. _tExultate Deo |
||
| 505 |
_gСмесен хор _rДжовани Батиста Мартини. _tSalve Regina |
||
| 505 |
_gЖенски хор _rЗолтан Кодай. _tHegyi ejszakak |
||
| 505 |
_gСмесен хор _r Леош Яначек. _tO lasko |
||
| 505 |
_gСмесен хор _rЛеош Яначек. _tKacena divoka |
||
| 505 |
_gСолисти, смесен хор и съпр. на пиано _rБела Барток. _tNegy slovak nepdal |
||
| 505 |
_gСмесен хор Оп.138 _r Макс Регер. _tMorgengesang |
||
| 505 |
_gСмесен хор Оп.138 _r Макс Регер; текст Петрус Херберт. _tNachtlied |
||
| 505 |
_gСмесен хор _rМакс Регер. _tKreuzfahrerlied |
||
| 505 |
_gСмесен хор _rПаул Хиндемит. _tFruhling |
||
| 505 |
_gСмесен хор _r Франсис Пуленк. _tTimor et tremor |
||
| 505 |
_gСмесен хор _r Франсис Пуленк. _tTristis est anima mea |
||
| 505 |
_gСмесен хор _rФрансис Пуленк. _tTenebrae factae sunt |
||
| 505 |
_gСмесен хор Оп.47, № 2 _r Бенджамин Бритън. _tThe succession of the four sweet Months |
||
| 505 |
_gСмесен хор Оп.47, № 3 _r Бенджамин Бритън. _tMarch Flowers |
||
| 505 |
_gСмесен хор Оп.47, № 4 _rБенджамин Бритън. _tThe evening Primrose |
||
| 505 |
_gСмесен хор _rИгор Федорович Стравински; текст Томас Стърнз Елиът. _tAnthem |
||
| 505 |
_gСмесен хор _r Лайош Бардош; Георг Бардош. _tEli, Eli |
||
| 505 |
_gСмесен хор _rЯн Пасвер. _tNunc dimitis |
||
| 505 |
_gЖенски хор _rВельо Рахович Тормис. _tEtudid Helilaadides |
||
| 505 |
_gОт романа Евгени Онегин : Смесен хор _rРодион Константинович Щедрин; текст Александр Сергеевич Пушкин. _tДве строфи из Шест хора |
||
| 505 |
_gИз ораторията ИванГрозни : Смесен хор _rСергей Сергеевич Прокофиев. _tВокализ |
||
| 505 |
_gСоло тенор и смесен хор _rГеоргий Васильевич Свиридов. _tВеснянка |
||
| 505 |
_gСмесен хор _rДмитрий Дмитриевич Шостакович; текст Аркадий Яковлевич Коц. _tДевети януари |
||
| 505 |
_gСмесен хор _r Карл Орф. _tOdi et amo |
||
| 505 |
_gСоло тенор и смесен хор _rКарл Орф. _tVivamus, mea lesbia |
||
| 505 |
_gЧ. 1 - 3 : Обой, воилинчело и смесен хор _rДариус Мийо. _tШеста симфония |
||
| 650 | 4 |
_aРенесансова хорова музика _9361881 |
|
| 650 | 4 |
_aМузика, хорова - ХХ век _9361882 |
|
| 650 | 4 |
_aАкапела _9146629 |
|
| 650 | 4 |
_aХор - различни състави _9361577 |
|
| 653 | _aРенесанс | ||
| 653 | _aсъвременност | ||
| 653 | _aхорова музика | ||
| 653 | _aакапела | ||
| 653 | _aхорови ансамбли | ||
| 700 |
_aКралев, Стоян Петров _d1929 - 2018 _gХоров диригент _9350486 |
||
| 700 | 1 |
_aГюлева, Лилия _eсъстав. _9376638 |
|
| 700 | 1 |
_aБелчева, Анна _eсъстав. _9373914 |
|
| 700 | 1 |
_aМаксимов, Крум _eсъстав. _9361880 |
|
| 760 | 1 |
_c232 с. _d1987 _h232 с. _tТ. 6. Ренесанс и съвременност |
|
| 852 |
_aЦБ М ІІ 1732 _p49 |
||
| 856 | 4 |
_qpdf _u |
|
| 856 | 4 |
_qpdf _u |
|
| 942 |
_cNOT _n0 _s1 |
||
| 944 |
_aCR _c15.06.2005 _k30560 _lГеновева Генчева |
||
| 944 |
_aED _c22.03.2018 _kВиолета_Тройчева |
||
| 999 | _d298784 | ||
| 999 | _d298784 | ||